Твердые бытовые отходы. Экономика. Экология. Предпринимательство: монография

Bibliografiske detaljer
Hovedforfatter: Коробко В. И. Владимир Иванович
Andre forfattere: Бычкова В. А. Виктория Анваровна
Summary:Исследованы некоторые аспекты экономики, экологии и предпринимательства в сфере обращения с твердыми бытовыми отходами (ТБО). Изложены общие вопросы истории и состояния проблемы обращения с ТБО в России и за рубежом, экологические аспекты классических схем обращения с ТБО. Даны экономическое и экологическое обоснование целесообразности инвестирования селективного сбора и сортировки ТБО. Представлены результаты анализа предпринимательской деятельности по сбору и вывозу ТБО, методика расчета экономически обоснованного тарифа на услуги по сбору и вывозу ТБО, методы совершенствования организации вывоза ТБО. Рассмотрены технологии эксплуатации полигонов для ТБО, методика расчета экономически обоснованного тарифа на оказание услуг по размещению ТБО, необходимость надзора за эксплуатацией полигонов. Для научных работников, экономистов, экологов, руководителей предприятий, аспирантов, студентов магистратуры.
Sprog:russisk
Udgivet: Москва, ЮНИТИ-ДАНА, 2012
Serier:Научные издания для экономистов
Fag:
Format: MixedMaterials Bog
KOHA link:https://koha.lib.tpu.ru/cgi-bin/koha/opac-detail.pl?biblionumber=208314

MARC

LEADER 00000nam0a2200000 4500
001 208314
005 20231101225445.0
010 |a 9785238022611 
035 |a (RuTPU)RU\TPU\book\227414 
090 |a 208314 
100 |a 20120202d2012 k y0rusy50 ca 
101 0 |a rus 
102 |a RU 
105 |a a z 001zy 
200 1 |a Твердые бытовые отходы. Экономика. Экология. Предпринимательство  |e монография  |f В. И. Коробко, В. А. Бычкова 
210 |a Москва  |c ЮНИТИ-ДАНА  |d 2012 
215 |a 131 с.  |c ил. 
225 1 |a Научные издания для экономистов 
320 |a Библиогр.: с. 128-129. 
330 |a Исследованы некоторые аспекты экономики, экологии и предпринимательства в сфере обращения с твердыми бытовыми отходами (ТБО). Изложены общие вопросы истории и состояния проблемы обращения с ТБО в России и за рубежом, экологические аспекты классических схем обращения с ТБО. Даны экономическое и экологическое обоснование целесообразности инвестирования селективного сбора и сортировки ТБО. Представлены результаты анализа предпринимательской деятельности по сбору и вывозу ТБО, методика расчета экономически обоснованного тарифа на услуги по сбору и вывозу ТБО, методы совершенствования организации вывоза ТБО. Рассмотрены технологии эксплуатации полигонов для ТБО, методика расчета экономически обоснованного тарифа на оказание услуг по размещению ТБО, необходимость надзора за эксплуатацией полигонов. Для научных работников, экономистов, экологов, руководителей предприятий, аспирантов, студентов магистратуры. 
606 1 |a Бытовые отходы,твердые  |x Утилизация  |2 stltpush  |3 (RuTPU)RU\TPU\subj\30782  |9 53837 
610 1 |a экология 
610 1 |a экономика 
610 1 |a предпринимательская деятельность 
610 1 |a переработка 
610 1 |a сортировка 
610 1 |a сбор 
610 1 |a вывоз 
610 1 |a захоронение 
610 1 |a полигоны захоронения 
610 1 |a рисайклинг 
610 1 |a вторичная переработка 
610 1 |a тарифы 
610 1 |a экономическое обоснование 
675 |a 628.4  |v 3 
700 1 |a Коробко  |b В. И.  |g Владимир Иванович 
701 1 |a Бычкова  |b В. А.  |g Виктория Анваровна 
801 1 |a RU  |b 63413507  |c 20120202 
801 2 |a RU  |b 63413507  |c 20150706  |g RCR 
900 |a Технология основных производств, утилизации и переработки отходов 
942 |c BK 
959 |a 13/20120202  |d 2  |e 300,00  |f ЧЗТЛ:1  |f АНЛ:1